LIBRARY & INFORMATION CENTRE, KCAET, TAVANUR

ONLINE PUBLIC ACCESS CATALOGUE (OPAC)

Development of fibre fortified pasta using banana peel powder (Record no. 15154)

MARC details
000 -LEADER
fixed length control field 00721nam a22002057a 4500
003 - CONTROL NUMBER IDENTIFIER
control field OSt
088 ## - REPORT NUMBER
Report number P 278
100 ## - MAIN ENTRY--AUTHOR NAME
Personal name ASHITHA G. N
245 ## - TITLE STATEMENT
Title Development of fibre fortified pasta using banana peel powder
260 ## - PUBLICATION, DISTRIBUTION, ETC. (IMPRINT)
Place of publication Tavanur 2014
Name of publisher Department of Food and Agricultural Process Engineering
300 ## - PHYSICAL DESCRIPTION
Number of Pages 45
500 ## - GENERAL NOTE
General note Development of fibre fortified pasta using banana peel powder
520 ## - SUMMARY, ETC.
Summary, etc Development of fibre fortified pasta using banana peel powder
700 ## - ADDED ENTRY--PERSONAL NAME
Personal name Athira Dayananadan
700 ## - ADDED ENTRY--PERSONAL NAME
Personal name Naslin N
700 ## - ADDED ENTRY--PERSONAL NAME
Personal name Dr. Santhi Mary Mathew (Guide)
856 ## - ELECTRONIC LOCATION AND ACCESS
Uniform Resource Identifier https://drive.google.com/open?id=1gCJFtS811RcIVreW-c29qxkTIF8oa8R4
942 ## - ADDED ENTRY ELEMENTS (KOHA)
Koha item type Project Report
Holdings
Collection code Home library Current library Shelving location Full call number Accession Number Koha item type
Reference KAUAET KAUAET Reference 664 ASH/DE P 278 Project Report
free website counter